000 00211 a2200097 4500
001 29872
100 _aKumar K L
245 _aEngineering fluid mechanics
260 _a
_bEurasia N D
_c
090 _c19871
_d19871
942 _aNUST-CAE
_cM
_c10970
999 _c264945
_d264945